|
|
|
|
| LEADER |
00000ny a22000003n 4500 |
| 005 |
20110523150045.0 |
| 008 |
080619s2005 sp s 000 0 spa c |
| 020 |
|
|
|a 8497726847
|
| 035 |
|
|
|a 1264
|
| 040 |
|
|
|a UMA.RE
|d vLex
|
| 080 |
|
|
|a 004.65:34(0.034)
|
| 080 |
|
|
|a 34:004.65(0.034)
|
| 090 |
|
|
|c 178
|d 178
|
| 100 |
1 |
|
|a Messa̕ de la Cerda Ballesteros, Jess︢ Alberto
|
| 245 |
1 |
3 |
|a La proteccin̤ jurd̕ica del fabricante de bases de datos: derecho sui generis y competencia desleal
|h [Recurso electrn̤ico]
|c Jess︢ Alberto Messa̕ de la Cerda Ballesteros
|
| 256 |
|
|
|a Servicio en ln̕ea
|
| 260 |
|
|
|a [Madrid] :
|b Dykinson,
|c 2005
|
| 506 |
1 |
|
|a Contenido solo disponible en los productos indicados
|d vLex Global
|d vLex Global (Academic Edition, excluding Law Schools)
|d vLex Global (U.S. Academic Edition, Law Schools)
|d vLex Global (U.S. Academic Edition, excluding Law Schools)
|d vLex Global (Academic Edition, Law Schools)
|
| 650 |
0 |
7 |
|a Pacto de no competencia
|2 Tesauro vLex
|
| 650 |
0 |
7 |
|a Laboral
|2 Tesauro vLex
|
| 650 |
0 |
7 |
|a Datos personales
|2 Tesauro vLex
|
| 650 |
0 |
7 |
|a Civil
|2 Tesauro vLex
|
| 650 |
0 |
7 |
|a Derecho sobre las bases de datos
|2 Tesauro vLex
|
| 650 |
0 |
7 |
|a Competencia econm̤ica desleal
|2 Tesauro vLex
|
| 650 |
0 |
7 |
|a Proteccin̤ de datos personales
|2 Tesauro vLex
|
| 740 |
0 |
|
|a vLex Libros (Servicios en ln̕ea)
|
| 856 |
4 |
0 |
|u http://vlex.com/source/1264
|z Acceso restringido
|
| 942 |
|
|
|c BOOK
|
| 999 |
0 |
|
|a Law
|b Madrid
|